[Event "San Francisco TNM Fall op"]
[Site "San Francisco"]
[Date "2015.11.17"]
[Round "5"]
[White "Gomboluudev, Enkhjin C"]
[Black "LaGrotta, Daniel S"]
[Result "1-0"]
[WhiteElo "1568"]
[BlackElo "1772"]
[PlyCount "37"]
[EventDate "2015.10.20"]
[EventType "swiss"]
[EventRounds "9"]
[EventCountry "USA"]
[SourceTitle "EXT 2023"]
[Source "ChessBase"]
[SourceDate "2022.10.05"]
[SourceVersion "1"]
[SourceVersionDate "2022.10.05"]
[SourceQuality "1"]

1. e4 c5 2. Nf3 d6 3. d4 cxd4 4. Nxd4 Nf6 5. Nc3 a6 6. Be3 e5 7. Nb3 Be6 8. f3 Be7 9. Qd2 d5 10. exd5 Nxd5 11. 0-0-0 Nxe3 12. Qxe3 Qc7 13. Bd3 h6 14. Kb1 Nc6 15. Be4 0-0 16. h4 f5 17. Bxc6 f4 18. Nd5 Qd8 19. Qxe5 1-0

[Event "San Francisco TNM Fall op"]
[Site "San Francisco"]
[Date "2015.11.03"]
[Round "3"]
[White "Winslow, Elliott C"]
[Black "Gomboluudev, Enkhjin C"]
[Result "1-0"]
[WhiteElo "2265"]
[BlackElo "1568"]
[PlyCount "53"]
[EventDate "2015.10.20"]
[EventType "swiss"]
[EventRounds "9"]
[EventCountry "USA"]
[SourceTitle "EXT 2023"]
[Source "ChessBase"]
[SourceDate "2022.10.05"]
[SourceVersion "1"]
[SourceVersionDate "2022.10.05"]
[SourceQuality "1"]

1. d4 d5 2. c4 c6 3. Nf3 Nf6 4. Nc3 e6 5. Bg5 Be7 6. e3 Nbd7 7. Qc2 0-0 8. cxd5 exd5 9. Bd3 h6 10. Bf4 Ne8 11. 0-0-0 Ndf6 12. h3 b5 13. Ne5 Qb6 14. Kb1 Nd6 15. g4 a5 16. Rhg1 a4 17. h4 Nc4 18. g5 hxg5 19. hxg5 Nd7 20. Bh7+ Kh8 21. Rh1 g6 22. Bxg6+ Kg8 23. Bxf7+ Rxf7 24. Qg6+ Rg7 25. Qe6+ Kf8 26. Rh8+ Rg8 27. Rxg8# 1-0

[Event "World ol U16"]
[Site "Ulaanbaatar"]
[Date "2015.08.26"]
[Round "8.1"]
[White "Gomboluudev, Enkhjin C"]
[Black "Munkhzul, Davaakhuu"]
[Result "0-1"]
[WhiteElo "1625"]
[BlackElo "1584"]
[PlyCount "32"]
[EventDate "2015.08.20"]
[EventType "team-swiss"]
[EventRounds "9"]
[EventCountry "MGL"]
[SourceTitle "EXT 2016"]
[Source "ChessBase"]
[SourceDate "2015.10.08"]
[SourceVersion "1"]
[SourceVersionDate "2015.10.08"]
[SourceQuality "1"]
[WhiteTeam "United States"]
[BlackTeam "Mongolia II"]
[WhiteTeamCountry "USA"]
[BlackTeamCountry "MGL"]

1. e4 e5 2. Nf3 Nf6 3. Nc3 Nc6 4. Bb5 Bc5 5. Nxe5 Nxe5 6. d4 a6 7. Ba4 b5 8. Bb3 b4 9. Na4 Bxd4 10. Qxd4 Nc6 11. Qc4 0-0 12. 0-0 a5 13. Nc5 d6 14. Nd3 Bb7 15. Qb5 Rb8 16. Qf5 Nd4 0-1

[Event "World ol U16"]
[Site "Ulaanbaatar"]
[Date "2015.08.24"]
[Round "5.1"]
[White "Gomboluudev, Enkhjin C"]
[Black "Li, Chin Chon"]
[Result "1/2-1/2"]
[WhiteElo "1625"]
[BlackElo "1458"]
[PlyCount "160"]
[EventDate "2015.08.20"]
[EventType "team-swiss"]
[EventRounds "9"]
[EventCountry "MGL"]
[SourceTitle "EXT 2016"]
[Source "ChessBase"]
[SourceDate "2015.10.08"]
[SourceVersion "1"]
[SourceVersionDate "2015.10.08"]
[SourceQuality "1"]
[WhiteTeam "United States"]
[BlackTeam "Macau II"]
[WhiteTeamCountry "USA"]
[BlackTeamCountry "MAC"]

1. e4 c5 2. Nf3 d6 3. d4 cxd4 4. Nxd4 Nf6 5. Nc3 a6 6. Bc4 e5 7. Nf3 Be6 8. Bxe6 fxe6 9. 0-0 Be7 10. Re1 0-0 11. h3 b5 12. Be3 Nc6 13. Ng5 Qd7 14. Bd2 Nd4 15. Nf3 Nxf3+ 16. Qxf3 Rac8 17. Qd3 Qc7 18. a3 Nd7 19. Be3 Nb6 20. Bxb6 Qxb6 21. Re3 Bg5 22. Rf3 Rxf3 23. Qxf3 Rf8 24. Qe2 Bh4 25. Rf1 Bf6 26. Qg4 Re8 27. Rd1 a5 28. Ne2 Qc6 29. c3 d5 30. Ng3 Rf8 31. exd5 exd5 32. Qf3 Rd8 33. Nh5 Qe6 34. Nxf6+ gxf6 35. Qg4+ Qxg4 36. hxg4 Kf7 37. Kf1 Ke6 38. Ke2 Rb8 39. Rh1 Rb7 40. Rh6 Rg7 41. f3 Kf7 42. Kd3 Ke6 43. Kc2 Ke7 44. Kb3 Ke6 45. a4 Rb7 46. g5 Kf5 47. gxf6 Kg5 48. f7 Rxf7 49. Rd6 bxa4+ 50. Kxa4 Kf4 51. Rxd5 Rg7 52. Rd2 Ke3 53. Rd5 Kf4 54. Rxa5 Rxg2 55. b4 h5 56. b5 Ra2+ 57. Kb4 Rxa5 58. Kxa5 h4 59. b6 h3 60. b7 h2 61. b8Q h1Q 62. Qf8+ Kg3 63. Qg7+ Kf2 64. Qa7+ Kg3 65. Qg7+ Kf2 66. Qxe5 Qxf3 67. Qd4+ Kg3 68. Qd1 Kf4 69. Qd4+ Kg3 70. Qg7+ Kf2 71. Kb5 Qd5+ 72. Kb6 Qd6+ 73. Kb5 Qd5+ 74. Kb4 Qd6+ 75. Kc4 Qc6+ 76. Kb3 Qb5+ 77. Kc2 Qe2+ 78. Kb3 Qb5+ 79. Ka3 Qa5+ 80. Kb3 Qb5+ 1/2-1/2

[Event "World ol U16"]
[Site "Ulaanbaatar"]
[Date "2015.08.21"]
[Round "2.1"]
[White "Gomboluudev, Enkhjin C"]
[Black "Bilguun, Lkhagvasanj"]
[Result "0-1"]
[WhiteElo "1625"]
[BlackElo "1691"]
[PlyCount "66"]
[EventDate "2015.08.20"]
[EventType "team-swiss"]
[EventRounds "9"]
[EventCountry "MGL"]
[SourceTitle "EXT 2016"]
[Source "ChessBase"]
[SourceDate "2015.10.08"]
[SourceVersion "1"]
[SourceVersionDate "2015.10.08"]
[SourceQuality "1"]
[WhiteTeam "United States"]
[BlackTeam "Mongolia V"]
[WhiteTeamCountry "USA"]
[BlackTeamCountry "MGL"]

1. e4 e5 2. Nf3 Nc6 3. Bc4 Bc5 4. d3 Nf6 5. Nc3 d6 6. h3 Be6 7. Bb3 Bb6 8. 0-0 h6 9. Be3 Qd7 10. Bxb6 axb6 11. Ba4 0-0 12. Bb5 Qe7 13. Re1 Ra5 14. a4 Rfa8 15. d4 Nxd4 16. Nxd4 exd4 17. Qxd4 c6 18. Be2 b5 19. Bf3 c5 20. Qd2 bxa4 21. b3 Bd7 22. e5 dxe5 23. Bxb7 R8a7 24. Nd5 Nxd5 25. Bxd5 R5a6 26. Bc4 Rg6 27. Kh2 Bc6 28. f3 Rd7 29. Qc3 Qg5 30. Bf1 Rd2 31. Qe3 Rxg2+ 32. Kh1 Rg1+ 33. Kh2 Qg3# 0-1

[Event "San Francisco TNM Fall op"]
[Site "San Francisco"]
[Date "2014.11.18"]
[Round "4"]
[White "Frank, Robert"]
[Black "Gomboluudev, Enkhjin C"]
[Result "0-1"]
[WhiteElo "1286"]
[BlackElo "1464"]
[PlyCount "54"]
[EventDate "2014.10.21"]
[EventType "swiss"]
[EventRounds "8"]
[EventCountry "USA"]
[SourceTitle "EXT 2016"]
[Source "ChessBase"]
[SourceDate "2015.10.08"]
[SourceVersion "1"]
[SourceVersionDate "2015.10.08"]
[SourceQuality "1"]

1. d4 d5 2. Nf3 Nf6 3. e3 e6 4. Bd3 c5 5. c3 Nc6 6. Nbd2 Bd6 7. e4 cxd4 8. cxd4 dxe4 9. Nxe4 Be7 10. Bg5 0-0 11. Nxf6+ Bxf6 12. Bxf6 Qxf6 13. 0-0 Rd8 14. Qa4 h6 15. Rad1 Ne7 16. Be4 Nf5 17. Bxf5 Qxf5 18. Qb3 b6 19. Rd2 Bb7 20. Qe3 Rac8 21. Nh4 Qg4 22. Qg3 Rxd4 23. Qxg4 Rxg4 24. Nf3 Bxf3 25. g3 Rgc4 26. h4 g5 27. Rd3 Be2 0-1

[Event "San Francisco TNM Fall op"]
[Site "San Francisco"]
[Date "2014.10.21"]
[Round "1"]
[White "Gomboluudev, Enkhjin C"]
[Black "Krasnov, Steven Lender"]
[Result "0-1"]
[WhiteElo "1464"]
[BlackElo "2002"]
[PlyCount "58"]
[EventDate "2014.10.21"]
[EventType "swiss"]
[EventRounds "8"]
[EventCountry "USA"]
[SourceTitle "EXT 2016"]
[Source "ChessBase"]
[SourceDate "2015.10.08"]
[SourceVersion "1"]
[SourceVersionDate "2015.10.08"]
[SourceQuality "1"]

1. e4 c5 2. Nf3 e6 3. d4 cxd4 4. Nxd4 a6 5. Nc3 Qc7 6. Bd3 Nf6 7. Be3 Bb4 8. Bd2 b5 9. a3 Bd6 10. Nf3 Nc6 11. 0-0 h6 12. h3 Bb7 13. Re1 Rc8 14. Qe2 Ne5 15. Nxe5 Bxe5 16. Rab1 0-0 17. Qe3 g5 18. h4 Bh2+ 19. Kh1 Bf4 20. Qe2 Kg7 21. hxg5 hxg5 22. f3 Rh8+ 23. Kg1 Bh2+ 24. Kf1 Nh5 25. Bxg5 Ng3+ 26. Kf2 Nxe2 27. Rxe2 Bg3+ 28. Ke3 Qc5+ 29. Kd2 Qxg5+ 0-1

[Event "San Francisco TNM Summer op"]
[Site "San Francisco"]
[Date "2014.06.17"]
[Round "4"]
[White "Askin, Michael"]
[Black "Gomboluudev, Enkhjin C"]
[Result "1-0"]
[WhiteElo "1898"]
[BlackElo "1533"]
[PlyCount "81"]
[EventDate "2014.05.27"]
[EventType "swiss"]
[EventRounds "8"]
[EventCountry "USA"]
[SourceTitle "EXT 2016"]
[Source "ChessBase"]
[SourceDate "2015.10.08"]
[SourceVersion "1"]
[SourceVersionDate "2015.10.08"]
[SourceQuality "1"]

1. d4 d5 2. c4 c6 3. Nf3 Nf6 4. Qc2 e6 5. g3 Nbd7 6. Bg2 Be7 7. 0-0 0-0 8. Nbd2 Bd6 9. e4 e5 10. cxd5 cxd5 11. exd5 Nxd5 12. Ne4 Bc7 13. Bg5 f6 14. Qb3 N7b6 15. Be3 exd4 16. Nxd4 Kh8 17. Nb5 Nxe3 18. fxe3 Be5 19. Ned6 Qe7 20. Rfd1 Bg4 21. Rd3 Be6 22. Qa3 Nc8 23. Bxb7 Rb8 24. Bxc8 Bxc8 25. Qxa7 Qxa7 26. Nxa7 Ba6 27. Rd2 Bxb2 28. Rb1 Bc3 29. Rxb8 Rxb8 30. Nf7+ Kg8 31. Rd8+ Rxd8 32. Nxd8 Kf8 33. Ndc6 Ke8 34. Kf2 Kd7 35. Nd4 Bxd4 36. exd4 Kc7 37. a4 Kd6 38. Ke3 Kd5 39. Nb5 f5 40. Nc7+ Kd6 41. Nxa6 1-0

[Event "San Francisco TNM Spring op"]
[Site "San Francisco"]
[Date "2014.05.06"]
[Round "8"]
[White "Gomboluudev, Enkhjin C"]
[Black "Morgan, Jerry"]
[Result "1-0"]
[WhiteElo "1265"]
[BlackElo "1568"]
[PlyCount "83"]
[EventDate "2014.03.18"]
[EventType "swiss"]
[EventRounds "8"]
[EventCountry "USA"]
[SourceTitle "EXT 2016"]
[Source "ChessBase"]
[SourceDate "2015.10.08"]
[SourceVersion "1"]
[SourceVersionDate "2015.10.08"]
[SourceQuality "1"]

1. e4 Nf6 2. e5 Nd5 3. d4 d6 4. exd6 exd6 5. Nf3 Bg4 6. Be2 Nc6 7. 0-0 Be7 8. Re1 0-0 9. h3 Bh5 10. Qd3 Bg6 11. Qb3 Ndb4 12. Na3 d5 13. c3 Na5 14. Qa4 Nbc6 15. b4 Nc4 16. Nxc4 dxc4 17. Bxc4 a6 18. Qd1 b5 19. Bb3 Bf6 20. a4 Ne7 21. axb5 axb5 22. Rxa8 Qxa8 23. Bd2 Qa3 24. Ne5 Qb2 25. Nxg6 Nxg6 26. Qc2 Qa3 27. Qa2 Qa8 28. Bd5 Qb8 29. Qa5 Ne7 30. Be4 c6 31. Qa2 Rd8 32. Qc2 h6 33. Qd1 Kf8 34. Qf3 Qb6 35. Bxh6 Bxd4 36. Be3 Bxe3 37. Rxe3 Rd2 38. Rd3 Ra2 39. Rd6 Qb8 40. Rd7 Qa8 41. Qf4 f6 42. Qd6 1-0

[Event "San Francisco TNM Spring op"]
[Site "San Francisco"]
[Date "2014.04.29"]
[Round "7"]
[White "Malykin, Erika"]
[Black "Gomboluudev, Enkhjin C"]
[Result "0-1"]
[WhiteElo "1580"]
[BlackElo "1265"]
[PlyCount "73"]
[EventDate "2014.03.18"]
[EventType "swiss"]
[EventRounds "8"]
[EventCountry "USA"]
[SourceTitle "EXT 2016"]
[Source "ChessBase"]
[SourceDate "2015.10.08"]
[SourceVersion "1"]
[SourceVersionDate "2015.10.08"]
[SourceQuality "1"]

1. e4 e5 2. Nf3 Nc6 3. Bc4 Bc5 4. d3 h6 5. Nc3 d6 6. a3 Bg4 7. h3 Bh5 8. Qe2 Nd4 9. Qd1 Nxf3+ 10. gxf3 Nf6 11. Be3 Bb6 12. Rg1 Rg8 13. Rg3 c6 14. Qd2 Qc7 15. Ne2 0-0-0 16. f4 Kb8 17. 0-0-0 exf4 18. Bxf4 Bxf2 19. Rg2 Bb6 20. Rf1 Qe7 21. Be3 Bxe3 22. Qxe3 d5 23. Bb3 dxe4 24. Nd4 Qc5 25. Qf4+ Ka8 26. Nf5 exd3 27. Nxh6 gxh6 28. Qxf6 Be2 29. Rf5 d2+ 30. Kb1 d1Q+ 31. Ka2 Qxf5 32. Qxf5 Rxg2 33. Qxf7 Rg1 34. Ba4 Qa1+ 35. Kb3 Rg3+ 36. c3 Bd1+ 37. Kc4 0-1

[Event "San Francisco TNM Winter op"]
[Site "San Francisco"]
[Date "2014.02.25"]
[Round "8"]
[White "Gomboluudev, Enkhjin C"]
[Black "Newey, Richard H"]
[Result "0-1"]
[WhiteElo "1320"]
[BlackElo "1807"]
[PlyCount "92"]
[EventDate "2014.01.07"]
[EventType "swiss"]
[EventRounds "8"]
[EventCountry "USA"]
[SourceTitle "EXT 2016"]
[Source "ChessBase"]
[SourceDate "2015.10.08"]
[SourceVersion "1"]
[SourceVersionDate "2015.10.08"]
[SourceQuality "1"]

1. d4 d5 2. c4 dxc4 3. e4 c5 4. Be3 cxd4 5. Qxd4 Qxd4 6. Bxd4 Nc6 7. Bc3 b5 8. Bd2 Nd4 9. Kd1 Bb7 10. Nc3 e6 11. f3 Bc5 12. Nge2 a6 13. Be3 Rd8 14. Nxd4 Bxd4 15. Bxd4 e5 16. Kc2 exd4 17. Nd1 Ne7 18. Nf2 Nc6 19. Rd1 0-0 20. b3 Nb4+ 21. Kb2 c3+ 22. Ka1 Nc2+ 23. Kb1 Ne3 24. Rc1 Nxf1 25. Rhxf1 b4 26. Nd3 a5 27. Rfd1 Ba6 28. Nc5 Bb5 29. Nb7 Rd7 30. Nxa5 d3 31. Nc4 Bxc4 32. bxc4 c2+ 33. Kb2 cxd1Q 34. Rxd1 Ra8 35. c5 Rd4 36. c6 Rc8 37. a3 bxa3+ 38. Kxa3 Rxc6 39. Rb1 Ra6+ 40. Kb3 Rb6+ 41. Kc3 Rxb1 42. Kxd4 d2 43. Ke5 d1Q 44. Kf4 Qd6+ 45. Ke3 Rb2 46. g3 Qd2# 0-1

[Event "San Francisco TNM Winter op"]
[Site "San Francisco"]
[Date "2014.02.11"]
[Round "6"]
[White "Eytan, David"]
[Black "Gomboluudev, Enkhjin C"]
[Result "0-1"]
[WhiteElo "1637"]
[BlackElo "1320"]
[PlyCount "59"]
[EventDate "2014.01.07"]
[EventType "swiss"]
[EventRounds "8"]
[EventCountry "USA"]
[SourceTitle "EXT 2016"]
[Source "ChessBase"]
[SourceDate "2015.10.08"]
[SourceVersion "1"]
[SourceVersionDate "2015.10.08"]
[SourceQuality "1"]

1. e4 e5 2. d4 exd4 3. c3 dxc3 4. Bc4 Nf6 5. Nf3 Nc6 6. 0-0 Bc5 7. Re1 0-0 8. Nxc3 d6 9. Ng5 Ne5 10. Bb3 h6 11. Nh3 Bg4 12. Qc2 Bxh3 13. gxh3 Nf3+ 14. Kf1 Nxe1 15. Kxe1 Qd7 16. Qd3 Rfe8 17. Bf4 Qf5 18. Be3 Qxh3 19. Qc4 Qe6 20. Qd3 Qg4 21. Kd2 Nxe4+ 22. Nxe4 Rxe4 23. Rd1 Rae8 24. Bxc5 dxc5 25. Kc1 Re1 26. Rxe1 Rxe1+ 27. Kd2 Qb4+ 28. Kc2 Qe4 29. Kd2 Qxd3+ 30. Kxd3 0-1

[Event "San Francisco TNM Fall op"]
[Site "San Francisco"]
[Date "2013.12.17"]
[Round "9"]
[White "Gomboluudev, Enkhjin C"]
[Black "Hack, Richard"]
[Result "1-0"]
[WhiteElo "1137"]
[BlackElo "1565"]
[PlyCount "73"]
[EventDate "2013.10.22"]
[EventType "swiss"]
[EventRounds "9"]
[EventCountry "USA"]
[SourceTitle "EXT 2016"]
[Source "ChessBase"]
[SourceDate "2015.10.08"]
[SourceVersion "1"]
[SourceVersionDate "2015.10.08"]
[SourceQuality "1"]

1. e4 e5 2. Nf3 Nc6 3. Bc4 Bc5 4. d3 Nf6 5. Nc3 0-0 6. Bg5 h6 7. Bh4 d6 8. h3 Be6 9. Nd5 g5 10. Bg3 Nxd5 11. exd5 Bd7 12. dxc6 Bxc6 13. 0-0 b5 14. Bb3 Qd7 15. Nh2 a5 16. a3 Kh7 17. Qh5 f5 18. Nf3 Qg7 19. Nd2 a4 20. Ba2 f4 21. Bh2 d5 22. Qf3 Rad8 23. c4 bxc4 24. dxc4 e4 25. Qe2 e3 26. Qd3+ Kh8 27. Nf3 exf2+ 28. Kh1 d4 29. Rxf2 Rfe8 30. Re2 Re3 31. Rxe3 fxe3 32. Be5 Re8 33. Bxg7+ Kxg7 34. Re1 Be4 35. Qd1 Bxf3 36. gxf3 d3 37. Qxd3 1-0

[Event "San Francisco Neil Falconer op"]
[Site "San Francisco"]
[Date "2013.09.24"]
[Round "8"]
[White "Gomboluudev, Enkhjin C"]
[Black "Harris, Clarence"]
[Result "0-1"]
[WhiteElo "1125"]
[BlackElo "1314"]
[PlyCount "56"]
[EventDate "2013.08.06"]
[EventType "swiss"]
[EventRounds "9"]
[EventCountry "USA"]
[SourceTitle "EXT 2016"]
[Source "ChessBase"]
[SourceDate "2015.10.08"]
[SourceVersion "1"]
[SourceVersionDate "2015.10.08"]
[SourceQuality "1"]

1. e4 e5 2. Nf3 Nc6 3. Bc4 Nf6 4. d3 Be7 5. 0-0 0-0 6. h3 d6 7. Nc3 Na5 8. Bb3 Nxb3 9. axb3 Be6 10. Ng5 Bd7 11. f4 h6 12. Nf3 exf4 13. Bxf4 Nh5 14. Bh2 Qc8 15. Ng5 Nf6 16. Qf3 hxg5 17. Ra5 g4 18. hxg4 Bxg4 19. Qe3 Nh5 20. Nd5 Bh4 21. Nf4 Nxf4 22. Rxf4 Qe6 23. Bg3 b6 24. Rd5 c6 25. Rd4 Bg5 26. Rxd6 Qxd6 27. Rxg4 Bxe3+ 28. Kh1 Qf6 0-1